Schlechteste Fußball-Nationalmannschaften - Statistiken

Allgemein
  • Dieses Quiz wurde 133 mal gespielt
  • Das Durchschnittsergebnis liegt bei 6 aus 20
Antwortstatistiken
# Nationalmannschaft Punkte % Korrekt
1 San Marino 739.64
93%
12 Liechtenstein 835.83
81%
13 Gibraltar 836.14
50%
11 Tonga 833.12
42%
19 Samoa 876.45
39%
8 Bahamas 823.58
31%
20 São Tomé und Príncipe 878.09
29%
10 Seychellen 831.19
27%
18 Dschibuti 875.13
24%
9 Somalia 829.81
24%
6 Sri Lanka 820.32
24%
15 Osttimor 843.4
23%
14 Pakistan 842.59
21%
4 Britische Jungferninseln 801.29
17%
3 Amerikanische Jungferninseln 797.29
15%
17 Aruba 873.9
11%
7 Guam 821.91
11%
2 Anguilla 779.86
7%
5 Turks und Caicosinseln 817.03
4%
16 Kaimaninseln 855.43
3%
Keine übereinstimmenden Quizze gefunden
Verteilung der Resultate
Anzahl Personen mit jedem Resultat
Perzentil nach korrekt beantworteten Fragen
Ihre Resultats-Entwicklung
Sie haben dieses Quiz noch nicht gespielt